Math General Quiz - Statistics

General Stats
  • This quiz has been taken 69 times
  • The average score is 8 of 15
Answer Stats
Question Answer % Correct
What is 31 times 15? 465
79%
What is the solution to 4! - √81? 15
74%
How would you isolate x in the equation y = 5x + 6? Subtract six from both sides and then divide both sides by 5
74%
Factor x^2 + 5x - 14. (x-2)(x+7)
74%
Solve 122-15. 107
71%
Which of these is correct? sin θ = opposite/hypotenuse
59%
What is the value of i? √-1
56%
Which of these intersects the outside of a circle exactly once? Tangent
53%
What is 9^-1? .11¯
50%
What is the domain of the function y = √(x-1) +2? 1 ≤ x
50%
Convert the following hexadecimal to decimal: F4. 244
47%
Is it possible for a square root to make a number larger? Yes, only with decimals
44%
What is the direction of the vertical acceleration of any given projectile, given down being assigned the negative direction? Constant Negative
38%
If a bullet is shot horizontally, and another bullet is dropped at exactly the same time, which one will fall 1 meter first, ignoring air resistance? They will reach 1 m at the same time
32%
At Standard Temperature and Pressure, what is the volume of one mole of gas, in liters? 22.4
29%
No matching quizzes found
Score Distribution
Percent of People with Each Score
Percentile by Number Answered
Your Score History
You have not taken this quiz